LEADER 01082nam a2200241 i 4500 001 000000192012 003 CaOOAMICUS 005 20100923000000.0 008 100923s1975 it u000 u ita u 013 $a170585 040 $aSeMil$bita 100 1 $aMounier, Emmanuel,$d<1905-1950>.$0(OLS)http://semarc/name/1147 240 10$aManifeste au service du personnalisme.$0(OLS)http://semarc/title/276613 245 10$aManifesto al servizio del personalismo comunitario /$cEmmanuel Mounier ; introduzione e traduzione di Ada Lamacchia. 260 $aBari :$bEcumenica Editrice,$c1975. 300 $aL, 268 p. ;$c21 cm. 650 4$aPersonalismo - Filosofia.$0(OLS)http://semarc/subject/3264 700 1 $aLamacchia, Ada,$d<1927- >.$0(OLS)http://semarc/name/3863 850 $aSeMil 852 $aSeMil$W1$xVenegono$y1$m2P III 691$j142588$B142588$CSeMilBibl$Z2$F155016 $81 961 $aOmaggio: Altro 996 $6245$aManifesto al servizio del personalismo comunitario$9(OLS)http://semarc/title/276612 996 $6260$aBari :$bEcumenica Editrice$9(OLS)http://semarc/publisher/32358 LEADER 01120nam a2200265 i 4500 001 000000125014 003 CaOOAMICUS 005 20190225150136.0 008 040406s1943 it u000 u ita u 013 $a97712 040 $aSeMil$bita 100 1 $aTreitschke, Heinrich : von <1834-1896>.$0(OLS)http://semarc/name/1851 245 13$aIl congresso di Vienna :$b1814-1815$cHeinrich von Treitschke ; a cura di Manlio Mazziotti. 260 $aTorino :$bGiulio Einaudi,$c1943. 300 $aXII, 147 p. ;$c19 cm. 490 0 $aUniversale Einaudi ;$v26 650 4$aCongresso di Vienna <1815>.$0(OLS)http://semarc/subject/46153 700 1 $aMazziotti, Manlio.$0(OLS)http://semarc/name/51953 830 0$aUniversale Einaudi ;$v26.$0(OLS)http://semarc/title/7858 850 $aSeMil 852 $aSeMil$W1$xVenegono$y1$m3U III 524$j212796$B79513$CSeMilBibl$Z2$F81722 $81 961 $aLascito: Zurleni Domenico 996 $6245$aIl congresso di Vienna :$b1814-1815$9(OLS)http://semarc/title/184062 996 $6260$aTorino :$bGiulio Einaudi$9(OLS)http://semarc/publisher/29810